[Event "Ville d'Orsay online Blitz"]
[Site "Europe Echecs INT"]
[Date "2021.02.07"]
[Round "9"]
[White "Texier, Cesar"]
[Black "Naudier, Serge"]
[Result "1-0"]
[WhiteElo "1458"]
[BlackElo "2097"]
[PlyCount "55"]
[EventDate "2021.02.07"]
[EventType "swiss (blitz)"]
[EventRounds "11"]
[EventCountry "FRA"]
[SourceTitle "CBM 200 Extra"]
[Source "ChessBase"]
[SourceDate "2021.03.31"]
[SourceVersion "1"]
[SourceVersionDate "2021.03.31"]
[SourceQuality "1"]

1. e4 e5 2. Nf3 Nc6 3. Bc4 Bc5 4. c3 Nf6 5. b4 Bb6 6. d4 exd4 7. e5 d5 8. exf6 dxc4 9. Qe2+ Be6 10. fxg7 Rg8 11. 0-0 d3 12. Qe4 Rxg7 13. Re1 Qd7 14. Qxc4 0-0-0 15. Qe4 Rdg8 16. g3 Rxg3+ 17. hxg3 Rxg3+ 18. Kh1 Bd5 19. Qe8+ Qxe8 20. Rxe8+ Nd8 21. fxg3 Bxf3+ 22. Kh2 Kd7 23. Rh8 Be4 24. Nd2 Bg6 25. Nc4 Ne6 26. Ne5+ Kd6 27. Nxg6 hxg6 28. Bh6 1-0